Statistics for Top 50 Coldest Countries by Average Temperature

Click here to take the quiz!

General Stats

  • This quiz has been taken 701 times
  • The average score is 42 of 50

Answer Stats

Temperature (°C)ContinentAnswer% Correct
-5.35°CNorth AmericaCanada
99%
-5.10°CEurope/AsiaRussia
98%
8.45°CEuropeUnited Kingdom
95%
1.70°CEuropeFinland
94%
1.50°CEuropeNorway
94%
2.10°CEuropeSweden
93%
-0.70°CAsiaMongolia
92%
7.50°CEuropeDenmark
91%
1.75°CEuropeIceland
91%
8.50°CNorth AmericaUnited States
90%
8.40°CEuropeGermany
89%
6.40°CAsiaKazakhstan
89%
5.10°CEuropeEstonia
88%
5.60°CEuropeLatvia
88%
5.50°CEuropeSwitzerland
88%
6.95°CAsiaChina
87%
10.70°CEuropeFrance
87%
7.85°CEuropePoland
87%
6.35°CEuropeAustria
86%
6.15°CEuropeBelarus
86%
9.30°CEuropeIreland
86%
6.20°CEuropeLithuania
86%
8.30°CEuropeUkraine
86%
9.55°CEuropeBelgium
84%
9.25°CEuropeNetherlands
84%
5.70°CAsiaNorth Korea
84%
8.65°CEuropeLuxembourg
82%
6.80°CEuropeSlovakia
82%
7.55°CEuropeCzechia
81%
8.45°CSouth AmericaChile
80%
8.80°CEuropeRomania
80%
8.90°CEuropeSlovenia
80%
1.55°CAsiaKyrgyzstan
79%
5.65°CEuropeLiechtenstein
79%
10.55°CEuropeSerbia
79%
9.90°CEurope/AsiaTurkey
79%
9.75°CEuropeHungary
78%
7.15°CAsiaArmenia
77%
10.90°CEuropeCroatia
77%
5.80°CAsiaGeorgia
77%
8.10°CAsiaNepal
77%
2.00°CAsiaTajikistan
77%
9.85°CEuropeBosnia and Herzegovina
75%
10.55°CEuropeBulgaria
74%
10.55°COceaniaNew Zealand
74%
9.45°CEuropeMoldova
72%
7.40°CAsiaBhutan
70%
7.60°CEuropeAndorra
68%
10.55°CEuropeMontenegro
67%
9.80°CEuropeNorth Macedonia
67%

Score Distribution

Percentile by Number Answered

Percent of People with Each Score

Your Score History

You have not taken this quiz